00846nam a2200181 a 450000100100000000500170001000800410002704000250006808200150009310000310010824500620013926000460020130000300024750201550027704900090043295202060044199900170064700003120420200930062754.0110614s1911 dr 000 | spa d aDO-SdBNPbspacBNPHU axxxbP581f1 aPiantini M., José95767113aLa fiebre tifoidea en Santo Domingo /cJosé Piantini M. aSanto Domingo :bImprenta Sanabia,c1911. a37 p. :bdiagr. ;c23 cm. aTesis para optar por la licenciatura en el Instituto Profesional de Santo Domingo. Facultad de medicina. Año académico de 1910 a 1911, número 4. aBNPD 001050718RVaPDbPDcCTd2011-06-14iLF1l0oxxx P581fp31204-10r2020-06-25w2020-06-25y1zPerteneció a la biblioteca personal de Carlos Larrazábal Blanco. Dedicado por el autor.ZNo se presta c30696d30696